000
00318nam a22001337a 4500
008
170606b xxu||||| |||| 00| 0 eng d
020
_a
9781587787256
041
_a
eng
080
_a
327
100
_a
18
101
_a
SHH
245
_a
FOUNDATIONS OF INTERNATIONAL LAW AND POLITICS
_c
HATHAWAY, O.A
942
_2
udc
_c
BK
999
_c
16059
_d
16059